| 000 | 01487cam a2200325 a 4500 | ||
|---|---|---|---|
| 001 | EDZ0000063632 | ||
| 003 | StDuBDS | ||
| 005 | 20161031105148.0 | ||
| 006 | m||||||||d|||||||| | ||
| 007 | cr ||||||||||| | ||
| 008 | 120319s2001 caua fo| 000|0|eng d | ||
| 020 |
_a9781452231822 (ebook) : _cNo price |
||
| 040 |
_aStDuBDS _beng _cStDuBDS _epn |
||
| 049 | _aAlfaisal Main Library | ||
| 050 | 0 |
_aBF724.3.E5 _bL36 2001 |
|
| 082 | 0 | 4 |
_a155.5124 _223 |
| 100 | 1 | _aLangelier, Carol A. | |
| 245 | 1 | 0 |
_aMood management leader's manual _h[electronic resource] : _ba cognitive-behavioral skills building program for adolescents / _cCarol A. Langelier. |
| 260 |
_aThousand Oaks, Calif. ; _aLondon : _bSAGE, _cc2001. |
||
| 300 |
_a1 online resource (xix, 156 p.) : _bill. |
||
| 520 | 8 | _aThis book provides a seven-step programme to assist adolescents who display behaviour problems, to deal with their emotions. The author focuses on teenagers who are 'normal', demonstrating how they can be helped to resolve self-conflict by understanding the thoughts, behaviour, feelings, and physical responses that trigger it. | |
| 521 | _aSpecialized. | ||
| 588 | _aDescription based on print version record. | ||
| 650 | 0 | _aEmotions in adolescence. | |
| 655 | 7 |
_aElectronic books. _2local |
|
| 710 | 2 | _aSage eBooks | |
| 776 | 0 | 8 |
_iPrint version : _z9780761922971 |
| 856 | 4 | 0 | _uhttp://ezproxy.alfaisal.edu/login?url=http://sk.sagepub.com/books/mood-management-leaders-manual |
| 942 |
_2lcc _cEBOOKS |
||
| 999 |
_c480689 _d480689 |
||